Structure and Style in Commonwealth literature. (Record no. 2433)

MARC details
000 -LEADER
fixed length control field 00457nam a22001697a 4500
005 - DATE AND TIME OF LATEST TRANSACTION
control field 20260407163924.0
008 - FIXED-LENGTH DATA ELEMENTS--GENERAL INFORMATION
fixed length control field 160611b xxu||||| |||| 00| 0 eng d
020 ## - INTERNATIONAL STANDARD BOOK NUMBER
ISBN 0-7069-8510-9
041 ## - LANGUAGE CODE
Language code of text/sound track or separate title eng
082 ## - DEWEY DECIMAL CLASSIFICATION NUMBER
Item number 6998
100 ## - MAIN ENTRY--AUTHOR NAME
Personal name Syal, Pushpinder.
245 ## - TITLE STATEMENT
Title Structure and Style in Commonwealth literature.
260 ## - PUBLICATION, DISTRIBUTION, ETC. (IMPRINT)
Place of publication New Delhi
Name of publisher Vikas Publishing House (P) Ltd.
Year of publication 1994
300 ## - PHYSICAL DESCRIPTION
Number of Pages 162
650 ## - SUBJECT ADDED ENTRY--TOPICAL TERM
Topical Term english literature
942 ## - ADDED ENTRY ELEMENTS (KOHA)
Koha item type Books
Holdings
Lost status Damaged status Collection code Home library Current library Shelving location Date acquired Cost, normal purchase price Full call number Accession Number Koha item type
    ENGLISH LITERATURE JRU Library JRU Library SHELF-101-C 11/06/2016 55.00 820.9 6998 Books